<?xml version="1.0" encoding="UTF-8"?>
<collection xmlns="http://www.loc.gov/MARC21/slim">
 <record>
  <leader>09013cam a2201057   4500</leader>
  <controlfield tag="001">367563290</controlfield>
  <controlfield tag="003">DE-627</controlfield>
  <controlfield tag="005">20240819115435.0</controlfield>
  <controlfield tag="007">tu</controlfield>
  <controlfield tag="008">030813s2003    xxu||||| cc   00| ||eng c</controlfield>
  <datafield tag="010" ind1=" " ind2=" ">
   <subfield code="a">  2003001611</subfield>
  </datafield>
  <datafield tag="016" ind1="7" ind2=" ">
   <subfield code="a">bA3Z0051</subfield>
   <subfield code="2">UK</subfield>
  </datafield>
  <datafield tag="020" ind1=" " ind2=" ">
   <subfield code="a">0892367032</subfield>
   <subfield code="c">hardcover</subfield>
   <subfield code="9">0-89236-703-2</subfield>
  </datafield>
  <datafield tag="020" ind1=" " ind2=" ">
   <subfield code="a">0892367040</subfield>
   <subfield code="c">pbk.</subfield>
   <subfield code="9">0-89236-704-0</subfield>
  </datafield>
  <datafield tag="020" ind1=" " ind2=" ">
   <subfield code="a">1903973252</subfield>
   <subfield code="9">1-903973-25-2</subfield>
  </datafield>
  <datafield tag="020" ind1=" " ind2=" ">
   <subfield code="a">1903973287</subfield>
   <subfield code="9">1-903973-28-7</subfield>
  </datafield>
  <datafield tag="024" ind1="3" ind2=" ">
   <subfield code="a">9781903973257</subfield>
  </datafield>
  <datafield tag="035" ind1=" " ind2=" ">
   <subfield code="a">(DE-627)367563290</subfield>
  </datafield>
  <datafield tag="035" ind1=" " ind2=" ">
   <subfield code="a">(DE-576)103699295</subfield>
  </datafield>
  <datafield tag="035" ind1=" " ind2=" ">
   <subfield code="a">(DE-599)GBV367563290</subfield>
  </datafield>
  <datafield tag="035" ind1=" " ind2=" ">
   <subfield code="a">(OCoLC)217173890</subfield>
  </datafield>
  <datafield tag="035" ind1=" " ind2=" ">
   <subfield code="a">(OCoLC)314065077</subfield>
  </datafield>
  <datafield tag="035" ind1=" " ind2=" ">
   <subfield code="a">(DE-604)BV016515834</subfield>
  </datafield>
  <datafield tag="040" ind1=" " ind2=" ">
   <subfield code="a">DE-627</subfield>
   <subfield code="b">ger</subfield>
   <subfield code="c">DE-627</subfield>
   <subfield code="e">rakwb</subfield>
  </datafield>
  <datafield tag="041" ind1=" " ind2=" ">
   <subfield code="a">eng</subfield>
  </datafield>
  <datafield tag="044" ind1=" " ind2=" ">
   <subfield code="c">XD-US</subfield>
  </datafield>
  <datafield tag="050" ind1=" " ind2="0">
   <subfield code="a">ND3171</subfield>
  </datafield>
  <datafield tag="082" ind1="0" ind2=" ">
   <subfield code="a">745.6/7/09493107479494 21</subfield>
   <subfield code="q">OCLC</subfield>
   <subfield code="2">22/ger</subfield>
  </datafield>
  <datafield tag="082" ind1="0" ind2=" ">
   <subfield code="a">745.6709493107479494</subfield>
  </datafield>
  <datafield tag="084" ind1=" " ind2=" ">
   <subfield code="a">9,10</subfield>
   <subfield code="2">ssgn</subfield>
  </datafield>
  <datafield tag="084" ind1=" " ind2=" ">
   <subfield code="a">LO 35314</subfield>
   <subfield code="2">rvk</subfield>
   <subfield code="0">(DE-625)rvk/103200:200</subfield>
  </datafield>
  <datafield tag="084" ind1=" " ind2=" ">
   <subfield code="a">LO 35110</subfield>
   <subfield code="q">BVB</subfield>
   <subfield code="2">rvk</subfield>
   <subfield code="0">(DE-625)rvk/103179:</subfield>
  </datafield>
  <datafield tag="084" ind1=" " ind2=" ">
   <subfield code="a">AM 55200</subfield>
   <subfield code="2">rvk</subfield>
   <subfield code="0">(DE-625)rvk/4375:</subfield>
  </datafield>
  <datafield tag="084" ind1=" " ind2=" ">
   <subfield code="a">LH 72130</subfield>
   <subfield code="q">BVB</subfield>
   <subfield code="2">rvk</subfield>
   <subfield code="0">(DE-625)rvk/94914:</subfield>
  </datafield>
  <datafield tag="084" ind1=" " ind2=" ">
   <subfield code="a">AM 55150</subfield>
   <subfield code="q">BVB</subfield>
   <subfield code="2">rvk</subfield>
   <subfield code="0">(DE-625)rvk/4374:</subfield>
  </datafield>
  <datafield tag="084" ind1=" " ind2=" ">
   <subfield code="a">LO 35313</subfield>
   <subfield code="q">BVB</subfield>
   <subfield code="2">rvk</subfield>
   <subfield code="0">(DE-625)rvk/103200:199</subfield>
  </datafield>
  <datafield tag="084" ind1=" " ind2=" ">
   <subfield code="a">AM 44000</subfield>
   <subfield code="q">DE-24/24sred</subfield>
   <subfield code="2">rvk</subfield>
   <subfield code="0">(DE-625)rvk/4296:</subfield>
  </datafield>
  <datafield tag="084" ind1=" " ind2=" ">
   <subfield code="a">06.19</subfield>
   <subfield code="2">bkl</subfield>
  </datafield>
  <datafield tag="245" ind1="1" ind2="0">
   <subfield code="a">Illuminating the Renaissance</subfield>
   <subfield code="b">the triumph of Flemish manuscript painting in Europe ; [Exhibition Illuminating the Renaissance: The Triumph of Flemish Manuscript Painting in Europe, held at the J. Paul Getty Museum, Los Angeles from June 17 to September 7, 2003, and the Royal Academy of Arts, London from November 29, 2003 to February 22, 2004]</subfield>
   <subfield code="c">Thomas Kren and Scot McKendrick. With contributions by Maryan W. Ainsworth ...</subfield>
  </datafield>
  <datafield tag="263" ind1=" " ind2=" ">
   <subfield code="a">: £75.00 : CIP entry (Mar.)</subfield>
  </datafield>
  <datafield tag="264" ind1=" " ind2="1">
   <subfield code="a">Los Angeles, Calif.</subfield>
   <subfield code="b">J. Paul Getty Museum</subfield>
   <subfield code="c">c 2003</subfield>
  </datafield>
  <datafield tag="300" ind1=" " ind2=" ">
   <subfield code="a">XV, 575 S</subfield>
   <subfield code="b">zahlr. Ill</subfield>
  </datafield>
  <datafield tag="336" ind1=" " ind2=" ">
   <subfield code="a">Text</subfield>
   <subfield code="b">txt</subfield>
   <subfield code="2">rdacontent</subfield>
  </datafield>
  <datafield tag="336" ind1=" " ind2=" ">
   <subfield code="a">unbewegtes Bild</subfield>
   <subfield code="b">sti</subfield>
   <subfield code="2">rdacontent</subfield>
  </datafield>
  <datafield tag="337" ind1=" " ind2=" ">
   <subfield code="a">ohne Hilfsmittel zu benutzen</subfield>
   <subfield code="b">n</subfield>
   <subfield code="2">rdamedia</subfield>
  </datafield>
  <datafield tag="338" ind1=" " ind2=" ">
   <subfield code="a">Band</subfield>
   <subfield code="b">nc</subfield>
   <subfield code="2">rdacarrier</subfield>
  </datafield>
  <datafield tag="500" ind1=" " ind2=" ">
   <subfield code="a">Literaturverz. S. 532 - 560</subfield>
  </datafield>
  <datafield tag="520" ind1=" " ind2=" ">
   <subfield code="a">This comprehensive and richly illustrated catalogue focuses on the finest illustrated manuscripts produced in Europe during the great epoch in Flemish illumination. During this aesthetically fertile period - beginning in 1467 with the reign of the Burgundian duke Charles the Bold and ending in 1561 with the death of the artist Simon Bening - the art of book painting was raised to a new level of sophistication. Sharing inspiration with the celebrated panel painters of the time, illuminators achieved astonishing innovations in the handling of color, light, texture, and space, creating a naturalistic style that would dominate tastes throughout Europe for nearly a century. -   - Centering on the notable artists of the period - Simon Marmion, the Vienna Master of Mary of Burgundy, Gerard David, Gerard Horenbout, Bening, and others - the catalogue examines both devotional and secular manuscript illumination within a broad context: the place of illuminators within the visual arts, including artistic exchange between book painters and panel painters; the role of court patronage and the emergence of personal libraries; and the international appeal of the new Flemish illumination style. Contributors to the catalogue include Maryan W. Ainsworth, curator of European paintings at the Metropolitan Museum of Art; independent scholar Catherine Reynolds; and Elizabeth Morrison, assistant curator of manuscripts at the Getty Museum. -   - Illuminating the Renaissance is published in conjunction with an exhibition organized by the Getty Museum, the Royal Academy of Arts, London, and the British Library held at the Getty Museum from June 17 to September 7, 2003, and at the Royal Academy of Arts from November 25, 2003 to February 22, 2004</subfield>
  </datafield>
  <datafield tag="583" ind1="1" ind2=" ">
   <subfield code="a">Archivierung/Langzeitarchivierung gewährleistet</subfield>
   <subfield code="f">SSG</subfield>
   <subfield code="x">XA-DE-BW</subfield>
   <subfield code="2">pdager</subfield>
   <subfield code="5">DE-16</subfield>
  </datafield>
  <datafield tag="583" ind1="1" ind2=" ">
   <subfield code="a">Archivierung prüfen</subfield>
   <subfield code="c">20240324</subfield>
   <subfield code="f">DE-4165</subfield>
   <subfield code="z">1</subfield>
   <subfield code="2">pdager</subfield>
  </datafield>
  <datafield tag="650" ind1=" " ind2="0">
   <subfield code="a">Illumination of books and manuscripts, Flemish</subfield>
   <subfield code="x">Exhibitions</subfield>
  </datafield>
  <datafield tag="650" ind1=" " ind2="0">
   <subfield code="a">Illumination of books and manuscripts, Renaissance</subfield>
   <subfield code="x">Exhibitions</subfield>
   <subfield code="x">Flanders</subfield>
  </datafield>
  <datafield tag="655" ind1=" " ind2="7">
   <subfield code="a">Ausstellungskatalog</subfield>
   <subfield code="0">(DE-588)4135467-9</subfield>
   <subfield code="0">(DE-627)10566491X</subfield>
   <subfield code="0">(DE-576)209660988</subfield>
   <subfield code="2">gnd-content</subfield>
  </datafield>
  <datafield tag="655" ind1=" " ind2="7">
   <subfield code="a">Ausstellungskatalog</subfield>
   <subfield code="y">2003</subfield>
   <subfield code="z">Los Angeles, Calif.</subfield>
   <subfield code="0">(DE-588)4135467-9</subfield>
   <subfield code="0">(DE-627)10566491X</subfield>
   <subfield code="0">(DE-576)209660988</subfield>
   <subfield code="2">gnd-content</subfield>
  </datafield>
  <datafield tag="689" ind1="0" ind2="0">
   <subfield code="d">g</subfield>
   <subfield code="0">(DE-588)4071249-7</subfield>
   <subfield code="0">(DE-627)104493704</subfield>
   <subfield code="0">(DE-576)209183160</subfield>
   <subfield code="a">Flandern</subfield>
   <subfield code="2">gnd</subfield>
  </datafield>
  <datafield tag="689" ind1="0" ind2="1">
   <subfield code="d">s</subfield>
   <subfield code="0">(DE-588)4008650-1</subfield>
   <subfield code="0">(DE-627)104318244</subfield>
   <subfield code="0">(DE-576)208877517</subfield>
   <subfield code="a">Buchmalerei</subfield>
   <subfield code="2">gnd</subfield>
  </datafield>
  <datafield tag="689" ind1="0" ind2="2">
   <subfield code="d">s</subfield>
   <subfield code="0">(DE-588)4129601-1</subfield>
   <subfield code="0">(DE-627)104279435</subfield>
   <subfield code="0">(DE-576)209611855</subfield>
   <subfield code="a">Ausstellung</subfield>
   <subfield code="2">gnd</subfield>
  </datafield>
  <datafield tag="689" ind1="0" ind2="3">
   <subfield code="a">z</subfield>
   <subfield code="2">gnd</subfield>
   <subfield code="a">Geschichte 1470-1560</subfield>
  </datafield>
  <datafield tag="689" ind1="0" ind2=" ">
   <subfield code="5">DE-101</subfield>
  </datafield>
  <datafield tag="689" ind1="1" ind2="0">
   <subfield code="d">s</subfield>
   <subfield code="0">(DE-588)4049450-0</subfield>
   <subfield code="0">(DE-627)104117257</subfield>
   <subfield code="0">(DE-576)209082151</subfield>
   <subfield code="a">Renaissance</subfield>
   <subfield code="2">gnd</subfield>
  </datafield>
  <datafield tag="689" ind1="1" ind2="1">
   <subfield code="a">z</subfield>
   <subfield code="2">gnd</subfield>
   <subfield code="a">Geschichte 1420-1600</subfield>
  </datafield>
  <datafield tag="689" ind1="1" ind2=" ">
   <subfield code="5">(DE-627)</subfield>
  </datafield>
  <datafield tag="700" ind1="1" ind2=" ">
   <subfield code="a">Kren, Thomas</subfield>
   <subfield code="d">1950-</subfield>
   <subfield code="0">(DE-588)143137549</subfield>
   <subfield code="0">(DE-627)642823758</subfield>
   <subfield code="0">(DE-576)165433469</subfield>
   <subfield code="4">oth</subfield>
  </datafield>
  <datafield tag="700" ind1="1" ind2=" ">
   <subfield code="a">Ainsworth, Maryan W.</subfield>
   <subfield code="0">(DE-588)120692023</subfield>
   <subfield code="0">(DE-627)526967374</subfield>
   <subfield code="0">(DE-576)167851780</subfield>
   <subfield code="4">oth</subfield>
  </datafield>
  <datafield tag="700" ind1="1" ind2=" ">
   <subfield code="a">McKendrick, Scot</subfield>
   <subfield code="d">1958-</subfield>
   <subfield code="0">(DE-588)130049506</subfield>
   <subfield code="0">(DE-627)488791499</subfield>
   <subfield code="0">(DE-576)177078413</subfield>
   <subfield code="4">oth</subfield>
  </datafield>
  <datafield tag="710" ind1="2" ind2=" ">
   <subfield code="a">J. Paul Getty Museum</subfield>
   <subfield code="0">(DE-588)19128-0</subfield>
   <subfield code="0">(DE-627)100589723</subfield>
   <subfield code="0">(DE-576)19027591X</subfield>
   <subfield code="4">oth</subfield>
  </datafield>
  <datafield tag="710" ind1="2" ind2=" ">
   <subfield code="a">Royal Academy of Arts</subfield>
   <subfield code="0">(DE-588)1023738-0</subfield>
   <subfield code="0">(DE-627)103533850</subfield>
   <subfield code="0">(DE-576)191274283</subfield>
   <subfield code="4">oth</subfield>
  </datafield>
  <datafield tag="711" ind1="2" ind2=" ">
   <subfield code="a">Exhibition Illuminating the Renaissance: The Triumph of Flemish Manuscript Painting in Europe</subfield>
   <subfield code="d">2003 - 2004</subfield>
   <subfield code="c">Los Angeles, Calif.; London</subfield>
   <subfield code="0">(DE-588)3056748-8</subfield>
   <subfield code="0">(DE-627)372392717</subfield>
   <subfield code="0">(DE-576)199634734</subfield>
   <subfield code="4">oth</subfield>
  </datafield>
  <datafield tag="776" ind1="0" ind2="8">
   <subfield code="i">Elektronische Reproduktion</subfield>
   <subfield code="t">Illuminating the Renaissance</subfield>
   <subfield code="d">Los Angeles, Calif. : J. Paul Getty Museum, 2003</subfield>
   <subfield code="h">xv, 575 Seiten</subfield>
   <subfield code="w">(DE-627)840183143</subfield>
   <subfield code="w">(DE-576)452100011</subfield>
  </datafield>
  <datafield tag="787" ind1="0" ind2="8">
   <subfield code="i">Rezensiert in</subfield>
   <subfield code="a">Krieger, Michaela, 1956 - 2007</subfield>
   <subfield code="t">[Rezension von: Thomas Kren (Hrsg.), Illuminating the Renaissance]</subfield>
   <subfield code="d">Regensburg : Schnell und Steiner, 2005</subfield>
   <subfield code="w">(DE-627)1553458184</subfield>
   <subfield code="w">(DE-576)48345818X</subfield>
  </datafield>
  <datafield tag="787" ind1="0" ind2="8">
   <subfield code="i">Rezensiert in</subfield>
   <subfield code="a">Wolfthal, Diane</subfield>
   <subfield code="t">[Rezension von: Kren, Thomas, Illuminating the Renaissance: The Triumph of Flemish Manuscript Painting in Europe]</subfield>
   <subfield code="d">2004</subfield>
   <subfield code="w">(DE-627)1802385991</subfield>
  </datafield>
  <datafield tag="856" ind1="4" ind2="2">
   <subfield code="u">http://www.gbv.de/dms/goettingen/367563290.pdf</subfield>
   <subfield code="m">V:DE-601</subfield>
   <subfield code="m">B:DE-7</subfield>
   <subfield code="q">pdf/application</subfield>
   <subfield code="x">Verlag</subfield>
   <subfield code="y">Inhaltsverzeichnis</subfield>
   <subfield code="3">Inhaltsverzeichnis</subfield>
  </datafield>
  <datafield tag="935" ind1=" " ind2=" ">
   <subfield code="i">SLoT</subfield>
  </datafield>
  <datafield tag="935" ind1=" " ind2=" ">
   <subfield code="i">Blocktest</subfield>
  </datafield>
  <datafield tag="936" ind1="r" ind2="v">
   <subfield code="a">LO 35314</subfield>
   <subfield code="b">16. Jahrhundert und übrige Epochen</subfield>
   <subfield code="k">Kunstgeschichte</subfield>
   <subfield code="k">Kunst nach Ländern bzw. Kontinenten</subfield>
   <subfield code="k">Holland, Belgien, Luxemburg (im folgenden als Niederlande bezeichnet)</subfield>
   <subfield code="k">Niederländische Kunstgeschichte nach Gattungen</subfield>
   <subfield code="k">Buchmalerei</subfield>
   <subfield code="k">Geschichte der niederländischen Buchmalerei nach Landschaften</subfield>
   <subfield code="k">Südniederlande (flämisch)</subfield>
   <subfield code="k">16. Jahrhundert und übrige Epochen</subfield>
   <subfield code="0">(DE-627)127486626X</subfield>
   <subfield code="0">(DE-625)rvk/103200:200</subfield>
   <subfield code="0">(DE-576)20486626X</subfield>
  </datafield>
  <datafield tag="936" ind1="r" ind2="v">
   <subfield code="a">LO 35110</subfield>
   <subfield code="b">16. Jahrhundert und später</subfield>
   <subfield code="k">Kunstgeschichte</subfield>
   <subfield code="k">Kunst nach Ländern bzw. Kontinenten</subfield>
   <subfield code="k">Holland, Belgien, Luxemburg (im folgenden als Niederlande bezeichnet)</subfield>
   <subfield code="k">Niederländische Kunstgeschichte nach Gattungen</subfield>
   <subfield code="k">Buchmalerei</subfield>
   <subfield code="k">Ordnung nach Epochen</subfield>
   <subfield code="k">16. Jahrhundert und später</subfield>
   <subfield code="0">(DE-627)1271202344</subfield>
   <subfield code="0">(DE-625)rvk/103179:</subfield>
   <subfield code="0">(DE-576)201202344</subfield>
  </datafield>
  <datafield tag="936" ind1="r" ind2="v">
   <subfield code="a">AM 55200</subfield>
   <subfield code="b">Renaissance</subfield>
   <subfield code="k">Allgemeines</subfield>
   <subfield code="k">Schrift und Handschriftenkunde. Schriftarten und Schreiben</subfield>
   <subfield code="k">Handschriftenkunde</subfield>
   <subfield code="k">Geschichte der Buchmalerei</subfield>
   <subfield code="k">Renaissance</subfield>
   <subfield code="0">(DE-627)1270666460</subfield>
   <subfield code="0">(DE-625)rvk/4375:</subfield>
   <subfield code="0">(DE-576)200666460</subfield>
  </datafield>
  <datafield tag="936" ind1="r" ind2="v">
   <subfield code="a">LH 72130</subfield>
   <subfield code="b">gotisch</subfield>
   <subfield code="k">Kunstgeschichte</subfield>
   <subfield code="k">Allgemeines. Allgemeine Kunstgeschichte</subfield>
   <subfield code="k">Kunstgeschichte einzelner Gattungen der Kunst</subfield>
   <subfield code="k">Buchmalerei</subfield>
   <subfield code="k">Ordnung nach Epochen</subfield>
   <subfield code="k">gotisch</subfield>
   <subfield code="0">(DE-627)1270920952</subfield>
   <subfield code="0">(DE-625)rvk/94914:</subfield>
   <subfield code="0">(DE-576)200920952</subfield>
  </datafield>
  <datafield tag="936" ind1="r" ind2="v">
   <subfield code="a">AM 55150</subfield>
   <subfield code="b">Spätgotik</subfield>
   <subfield code="k">Allgemeines</subfield>
   <subfield code="k">Schrift und Handschriftenkunde. Schriftarten und Schreiben</subfield>
   <subfield code="k">Handschriftenkunde</subfield>
   <subfield code="k">Geschichte der Buchmalerei</subfield>
   <subfield code="k">Gotische Buchmalerei</subfield>
   <subfield code="k">Spätgotik</subfield>
   <subfield code="0">(DE-627)1272083322</subfield>
   <subfield code="0">(DE-625)rvk/4374:</subfield>
   <subfield code="0">(DE-576)202083322</subfield>
  </datafield>
  <datafield tag="936" ind1="r" ind2="v">
   <subfield code="a">LO 35313</subfield>
   <subfield code="b">gotisch</subfield>
   <subfield code="k">Kunstgeschichte</subfield>
   <subfield code="k">Kunst nach Ländern bzw. Kontinenten</subfield>
   <subfield code="k">Holland, Belgien, Luxemburg (im folgenden als Niederlande bezeichnet)</subfield>
   <subfield code="k">Niederländische Kunstgeschichte nach Gattungen</subfield>
   <subfield code="k">Buchmalerei</subfield>
   <subfield code="k">Geschichte der niederländischen Buchmalerei nach Landschaften</subfield>
   <subfield code="k">Südniederlande (flämisch)</subfield>
   <subfield code="k">gotisch</subfield>
   <subfield code="0">(DE-627)1270700405</subfield>
   <subfield code="0">(DE-625)rvk/103200:199</subfield>
   <subfield code="0">(DE-576)200700405</subfield>
  </datafield>
  <datafield tag="936" ind1="r" ind2="v">
   <subfield code="a">AM 44000</subfield>
   <subfield code="b">Ausstellungen, Ausstellungskataloge (CSN der Ortsnamen)</subfield>
   <subfield code="k">Allgemeines</subfield>
   <subfield code="k">Schrift und Handschriftenkunde. Schriftarten und Schreiben</subfield>
   <subfield code="k">Handschriftenkunde</subfield>
   <subfield code="k">Geschichte und Forschung</subfield>
   <subfield code="k">Ausstellungen, Ausstellungskataloge (CSN der Ortsnamen)</subfield>
   <subfield code="0">(DE-627)1270665987</subfield>
   <subfield code="0">(DE-625)rvk/4296:</subfield>
   <subfield code="0">(DE-576)200665987</subfield>
  </datafield>
  <datafield tag="936" ind1="b" ind2="k">
   <subfield code="a">06.19</subfield>
   <subfield code="j">Handschriftenkunde: Sonstiges</subfield>
   <subfield code="0">(DE-627)106403389</subfield>
  </datafield>
  <datafield tag="951" ind1=" " ind2=" ">
   <subfield code="a">BO</subfield>
  </datafield>
  <datafield tag="990" ind1=" " ind2=" ">
   <subfield code="a">Flandern</subfield>
  </datafield>
  <datafield tag="990" ind1=" " ind2=" ">
   <subfield code="a">Buchmalerei</subfield>
  </datafield>
  <datafield tag="990" ind1=" " ind2=" ">
   <subfield code="a">Ausstellung</subfield>
  </datafield>
  <datafield tag="990" ind1=" " ind2=" ">
   <subfield code="a">Geschichte 1470-1560</subfield>
  </datafield>
  <datafield tag="990" ind1=" " ind2=" ">
   <subfield code="a">Renaissance</subfield>
  </datafield>
  <datafield tag="990" ind1=" " ind2=" ">
   <subfield code="a">Geschichte 1420-1600</subfield>
  </datafield>
  <datafield tag="991" ind1=" " ind2=" ">
   <subfield code="a">Rezensiertes Werk</subfield>
  </datafield>
  <datafield tag="999" ind1=" " ind2=" ">
   <subfield code="a">KXP-PPN367563290</subfield>
   <subfield code="e">4153000108</subfield>
  </datafield>
 </record>
</collection>
